00534cam a2200181 a 450000100100000000500170001000800410002704000290006808200170009710000340011424500490014826000310019730000210022849000290024965000200027865000240029883000300032200001882920200929165850.0820301s1864 fr 000 0 fre d aDO-SdBNPbfrecLCdBNPHU a843.6bD886c1 aDumas, Alexandre,d1802-1870.13aLe comte de Monte-Cristo /cAlexandre Dumas. aParis :bGallimard,c1864. a510 p. ;c18 cm.1 aLe Livre de Poche,vt. 3 4aNovela francesa 4aLiteratura francesa 0aLe Livre de Poche ;vt. 3